Paths to power. (Record no. 13087)

000 -LEADER
fixed length control field 00596nam a2200181 a 4500
001 - CONTROL NUMBER
control field :::00010905$&:&@@
003 - CONTROL NUMBER IDENTIFIER
control field OkBaRHE
005 - DATE AND TIME OF LATEST TRANSACTION
control field 20000607103403.0
008 - FIXED-LENGTH DATA ELEMENTS--GENERAL INFORMATION
fixed length control field j 000 0 eng u
040 ## - CATALOGING SOURCE
Transcribing agency
100 1# - MAIN ENTRY--PERSONAL NAME
Personal name Tozer, A. W. (Aiden Wilson), 1897-1963.
245 10 - TITLE STATEMENT
Title Paths to power.
260 ## - PUBLICATION, DISTRIBUTION, ETC. (IMPRINT)
Place of publication, distribution, etc Camp Hill, PA., :
Name of publisher, distributor, etc Christian Publications
Date of publication, distribution, etc nd
300 ## - PHYSICAL DESCRIPTION
Extent 64 p. ;
Dimensions 18 cm.
650 ## - SUBJECT ADDED ENTRY--TOPICAL TERM
Topical term or geographic name as entry element Christian Life
General subdivision Christian and Missionary Alliance Authors
942 ## - ADDED ENTRY ELEMENTS (KOHA)
Source of classification or shelving scheme
Koha item type Books
Copies
Full call number Koha item type Date last seen Withdrawn status Copy number Barcode Damaged status Lost status Date acquired Shelving location Price effective from Source of classification or shelving scheme Permanent Location Not for loan
BV 4501.2 .T673Books2010-04-14 110905  2010-04-14General Stacks2010-04-14 RHEMA Bible Training College